000
00251nam a2200097Ia 4500
001
700560
005
20250826162255.0
008
250824s9999 xx 000 0 und d
245
0
_a
İnsan ve Davranışı
_c
DOĞAN CÜCELOĞLU
260
_b
REMZİ KİTABEVİ
999
_c
700560
_d
700560